Les géologues et la géologie du Jura jusqu'en 1870 / (Record no. 158703)

MARC details
000 -LEADER
campo de control de longitud fija 00680nam a22001695i 4500
001 - NÚMERO DE CONTROL
campo de control 158703
003 - IDENTIFICADOR DE NÚMERO DE CONTROL
campo de control ES-MaACL
005 - FECHA Y HORA DE LA ÚLTIMA TRANSACCIÓN
campo de control 20230906211257.0
008 - DATOS DE LONGITUD FIJA--INFORMACIÓN GENERAL
campo de control de longitud fija 040902s1889 fr |||| | fre d
040 ## - FUENTE DE CATALOGACIÓN
Centro catalogador/agencia de origen CAM
Lengua de catalogación spa
Centro/agencia transcriptor CAM
100 1# - ENTRADA PRINCIPAL--NOMBRE DE PERSONA
Nombre de persona Marcou, Jules.
9 (RLIN) 76547
245 14 - MENCIÓN DEL TÍTULO
Título Les géologues et la géologie du Jura jusqu'en 1870 /
Mención de responsabilidad, etc. par Jules Marcou.
260 ## - PUBLICACIÓN, DISTRIBUCIÓN, ETC.
Lugar de publicación, distribución, etc. Lons-le-Saunier :
Nombre del editor, distribuidor, etc. [s.n.],
Fecha de publicación, distribución, etc. 1889 (
Fabricante Imprimerie et lithographie Lucien Declume)
300 ## - DESCRIPCIÓN FÍSICA
Extensión 80 p. ;
Dimensiones 24 cm.
650 #4 - PUNTO DE ACCESO ADICIONAL DE MATERIA--TÉRMINO DE MATERIA
Término de materia o nombre geográfico como elemento de entrada Estratigrafía-
Subdivisión general Jurásico.
9 (RLIN) 154259
852 ## - LOCALIZACIÓN
Ubicación ES-MaACL
Número de control de estantería T-903-F-7
Nota libre -- Enc. hol. conservando la cub. original
-- -- Legado de Federico de Botella y de Hornos
-- -- Enc. en un vol. facticio
Holdings
Estatus retirado Estado de pérdida Estado de daño No para préstamo Colección Biblioteca de origen Biblioteca actual Ubicación en estantería Fecha de adquisición Total de préstamos Signatura topográfica completa Código de barras Visto por última vez Precio de reemplazo Tipo de ítem Koha
        Colección de folletos Biblioteca del Ateneo de Madrid Biblioteca del Ateneo de Madrid Depósito folletos 17/01/2008   T-903-F-7 1166112 23/02/2023 23/02/2023 Folleto